[Event "Ch Ukraine (1/2 final)"]
[Site "masterchessopen.com - Alushta (Ukraine)"]
[Date "2004.05.06"]
[Round "3"]
[White "Truskavetsky Alexandr (UKR)"]
[Black "Shmeliov Denis (UKR)"]
[Result "1-0"]
[WhiteElo "2364"]
[BlackElo "2251"]

1.d4 Nf6 2.c4 c5 3.d5 b5 4.cxb5 a6 5.bxa6 Bxa6 6.Nc3 d6 7.Nf3 g6 8.g3 Bg7
9.Bg2 O-O 10.O-O Nbd7 11.Rb1 Qa5 12.Bd2 Rfb8 13.b3 Ne8 14.Qc1 Nc7 15.a4 Qb6
16.Rd1 Bxc3 17.Bxc3 Bxe2 18.Qh6 Nf6 19.Ng5 Nce8 20.Re1 Qa6 21.Bh3 Qd3 22.Rbc1
Rxb3 23.Ne6 Nd7 24.Nf4 {#r} 1-0

[Event "Ch Russia (students)"]
[Site "masterchessopen.com - Ufa (Russia)"]
[Date "2004.05.06"]
[Round "2"]
[White "Dyachkov Sergej (RUS)"]
[Black "Burkhanov Damir (RUS)"]
[Result "1-0"]
[WhiteElo "2554"]
[BlackElo "2267"]

1.d4 Nf6 2.c4 c5 3.d5 b5 4.cxb5 a6 5.bxa6 Bxa6 6.g3 d6 7.Bg2 g6 8.Nc3 Bg7
9.Nf3 O-O 10.O-O Nbd7 11.Qc2 Nb6 12.Rd1 Ra7 13.e4 Qa8 14.Rb1 Bb7 15.a3 e6
16.Nb5 exd5 17.Nxa7 dxe4 18.Ng5 Qxa7 19.Rxd6 Nc8 20.Rd1 h6 21.Nxe4 Nxe4
22.Bxe4 Bd4 23.Bxh6 Bxe4 24.Qxe4 Nd6 25.Qf4 {#r} 1-0

[Event "Ch France (team) (nat.1)"]
[Site "masterchessopen.com - France"]
[Date "2005.02.05"]
[Round "2"]
[White "Chaumont Adeline (FRA)"]
[Black "Petit Eric (FRA)"]
[Result "1-0"]
[WhiteElo "2035"]
[BlackElo "2241"]

1.d4 Nf6 2.c4 c5 3.d5 b5 4.cxb5 a6 5.bxa6 g6 6.Nc3 Bxa6 7.g3 d6 8.Bg2 Bg7
9.Nf3 O-O 10.Rb1 Nbd7 11.O-O Qa5 12.Bd2 Nb6 13.b3 Qa3 14.Ne1 Ne8 15.Nc2 Qa5
16.Na4 Qb5 17.Na3 Qxe2 18.Nxb6 Ra7 19.Nac4 Qd3 20.a4 h5 21.Re1 Nf6 22.Re3 Qf5
23.Rf3 Qg4 24.h3 Qd4 25.Rf4 {#r} 1-0

[Event "It (open)"]
[Site "masterchessopen.com - Coventry (England)"]
[Date "2005.03.28"]
[Round "9"]
[White "Gibson Christopher (ENG)"]
[Black "Pym Thomas W (ENG)"]
[Result "0-1"]
[WhiteElo "2009"]
[BlackElo "2100"]

1.d4 Nf6 2.c4 c5 3.d5 b5 4.cxb5 a6 5.bxa6 Bxa6 6.g3 g6 7.Bg2 d6 8.Nc3 Bg7
9.Nf3 O-O 10.O-O Nbd7 11.Qc2 Qb6 12.Rb1 Rfb8 13.b3 Ne8 14.Bb2 Qa5 15.Na4 Ndf6
16.Nc3 Nc7 17.Rfd1 Nb5 18.Nxb5 Qxb5 19.e4 Bc8 20.Bf1 Qb4 21.e5 Bf5 22.Bd3 Ne4
23.Re1 Nxf2 24.Bxf5 gxf5 25.Qxf2 Rxa2 26.Qe3 Qxb3 27.Qc3 Rxb2 {#R} 0-1

[Event "It (open)"]
[Site "masterchessopen.com - Metz (France)"]
[Round "1"]
[White "Blanchard Alain (FRA)"]
[Black "Brunner Nicolas (FRA)"]
[Result "0-1"]
[WhiteElo "1656"]
[BlackElo "2392"]

1.d4 Nf6 2.c4 c5 3.d5 b5 4.cxb5 a6 5.bxa6 g6 6.Nc3 Bxa6 7.g3 d6 8.Bg2 Bg7
9.Nf3 Nbd7 10.O-O Nb6 11.Re1 O-O 12.e4 Nfd7 13.Qc2 Nc4 14.Be3 Qa5 15.Nd2 Nxb2
16.Qxb2 Bxc3 17.Nb3 Bxb2 18.Nxa5 Bxa1 19.Rxa1 Ne5 {#R} 0-1

[Event "It (open)"]
[Site "masterchessopen.com - Utrecht (Netherlands)"]
[Date "2005.06.11"]
[Round "4"]
[White "Epishin Vladimir (GER)"]
[Black "Janssen Ger (NED)"]
[Result "1-0"]
[WhiteElo "2574"]
[BlackElo "2214"]

1.d4 Nf6 2.c4 c5 3.d5 b5 4.cxb5 a6 5.bxa6 g6 6.Nc3 Bxa6 7.g3 d6 8.Bg2 Bg7
9.Nf3 Nbd7 10.Rb1 O-O 11.b3 Qa5 12.Bd2 Ng4 13.Qc2 Qc7 14.O-O Rfb8 15.a4 Ra7
16.Rfd1 Bd4 17.Be1 Bg7 18.Bf1 Raa8 19.Na2 Rc8 20.Rdc1 Qd8 21.Qd1 Nde5 22.Nxe5
Nxe5 23.a5 Qd7 24.b4 Bc4 25.Nc3 cxb4 26.Na4 {#r} 1-0

[Event "Memorial Kurass"]
[Site "masterchessopen.com - Kiev (Ukraine)"]
[Date "2005.06.22"]
[Round "2"]
[White "Ignatenko Vladimir (UKR)"]
[Black "Nazarevich Vitaly (UKR)"]
[Result "0-1"]
[WhiteElo "2118"]
[BlackElo "2346"]

1.d4 Nf6 2.c4 c5 3.d5 b5 4.cxb5 a6 5.bxa6 Bxa6 6.Nc3 d6 7.Nf3 g6 8.g3 Bg7
9.Bg2 Nbd7 10.O-O Nb6 11.Re1 O-O 12.e4 Nc4 13.Qc2 Qa5 14.b3 Ng4 15.bxc4 Qxc3
16.Qxc3 Bxc3 17.Bf4 Bxe1 18.Rxe1 Bxc4 19.h3 Nf6 20.Bg5 Bxa2 {#R} 0-1

[Event "It (open)"]
[Site "masterchessopen.com - Karvina (Czech Republic)"]
[Round "1"]
[White "Czakon Jakub (POL)"]
[Black "Novak Bohdan (CZE)"]
[Result "1-0"]
[WhiteElo "2477"]
[BlackElo "1926"]

1.d4 Nf6 2.c4 c5 3.d5 b5 4.cxb5 a6 5.bxa6 Bxa6 6.Nc3 d6 7.g3 g6 8.Bg2 Bg7
9.Nf3 O-O 10.O-O Nbd7 11.Rb1 Qc7 12.b3 Rfb8 13.Re1 Ng4 14.Bd2 c4 15.b4 Qa7
16.Rf1 Bb7 17.Rc1 Qa3 18.h3 Nge5 19.Ne1 Nf6 20.Nc2 Qa7 21.Be3 Qa6 22.b5 Qa5
23.Nd4 {#r} 1-0

[Event "It (open)"]
[Site "masterchessopen.com - Caerleon (Wales)"]
[Date "2005.07.13"]
[Round "7"]
[White "Rees Ioan (WLS)"]
[Black "Helbig Paul (ENG)"]
[Result "0-1"]
[WhiteElo "2237"]
[BlackElo "2184"]

1.d4 Nf6 2.c4 c5 3.d5 b5 4.cxb5 a6 5.bxa6 g6 6.Nc3 Bxa6 7.g3 d6 8.Bg2 Bg7
9.Nf3 Nbd7 10.Rb1 O-O 11.O-O Nb6 12.b3 Bb7 13.e4 Ba6 14.Re1 Ng4 15.Bb2 Nd7
16.a4 Qb6 17.Qc2 c4 18.bxc4 Bxc4 19.Nb5 Bxb2 20.Rxb2 Bxb5 21.axb5 Rfc8 22.Qd1
Nde5 23.Nd4 Rc4 24.Nc6 Nxf2 25.Rxf2 Ra2 26.Rf1 Qc5 {#R} 0-1

[Event "It (open)"]
[Site "masterchessopen.com - Koszalin (Poland)"]
[Round "2"]
[White "Jedynak Radoslaw (POL)"]
[Black "Wieclaw Michal (POL)"]
[Result "1-0"]
[WhiteElo "2431"]
[BlackElo "2218"]

1.d4 Nf6 2.c4 c5 3.d5 b5 4.cxb5 a6 5.bxa6 Bxa6 6.Nc3 g6 7.g3 d6 8.Bg2 Bg7
9.Nf3 Nbd7 10.Rb1 Nb6 11.a4 Bb7 12.e4 Ba6 13.Bf1 O-O 14.Bxa6 Rxa6 15.O-O Qa8
16.b3 Rc8 17.Re1 Nfd7 18.Nb5 Ne5 19.Nxe5 Bxe5 20.Bg5 Kf8 21.Qg4 Qb7 22.Qh4 h5
23.g4 hxg4 24.Qh7 Bg7 25.Bh6 Bxh6 26.Qh8# 1-0

[Event "It (open)"]
[Site "masterchessopen.com - Vlissingen (Netherlands)"]
[Date "2005.08.14"]
[Round "9"]
[White "Floor Dick (NED)"]
[Black "Odendahl Reiner (GER)"]
[Result "0-1"]
[WhiteElo "2222"]
[BlackElo "2400"]

1.d4 Nf6 2.c4 c5 3.d5 b5 4.cxb5 a6 5.bxa6 g6 6.Nc3 Bxa6 7.g3 d6 8.Bg2 Bg7
9.Nf3 Nbd7 10.Rb1 Nb6 11.a4 Bc8 12.Nh4 h6 13.e4 Ba6 14.f4 O-O 15.Kf2 Nc4
16.Re1 Nd7 17.Nf3 Qb6 18.Qc2 Bd4+ 19.Nxd4 cxd4 {#R} 0-1

[Event "Ch Europe (juniors) (under 16) (g)"]
[Site "masterchessopen.com - Herceg Novi (Montenegro)"]
[Round "8"]
[White "Kruljac Petra (CRO)"]
[Black "Ntiloudi Despina (GRE)"]
[Result "1-0"]
[WhiteElo "2041"]
[BlackElo "1876"]

1.d4 Nf6 2.c4 c5 3.d5 b5 4.cxb5 a6 5.bxa6 g6 6.Nc3 Bxa6 7.g3 d6 8.Bg2 Bg7
9.Nf3 Nbd7 10.O-O Nb6 11.Nh4 O-O 12.Qc2 Ra7 13.Rd1 c4 14.Be3 Rb7 15.Rab1 Nbd7
16.h3 Qa5 17.Nf3 Rbb8 18.Bd4 Bb7 19.e4 Nc5 20.Nd2 Ba6 21.Bf1 Nd3 22.Nxc4 Bxc4
23.Bxd3 Bxa2 24.Ra1 Nxd5 25.Rxa2 {#r} 1-0

[Event "It (open)"]
[Site "masterchessopen.com - Sainte Marie de la Reunion (France)"]
[Date "2005.10.21"]
[Round "8"]
[White "Lacrosse Marc (BEL)"]
[Black "Francois Gerard"]
[Result "1-0"]
[WhiteElo "2233"]
[BlackElo "1880"]

1.d4 Nf6 2.c4 c5 3.d5 b5 4.cxb5 a6 5.bxa6 Bxa6 6.Nc3 g6 7.Nf3 d6 8.g3 Bg7
9.Bg2 O-O 10.Rb1 Nbd7 11.b3 Qa5 12.Bd2 Rfb8 13.O-O Ng4 {#r} 1-0

[Event "It (open)"]
[Site "masterchessopen.com - Calvia (Spain)"]
[Date "2005.10.26"]
[Round "7"]
[White "Epishin Vladimir (GER)"]
[Black "Olsen Peter Erik (DEN)"]
[Result "1-0"]
[WhiteElo "2574"]
[BlackElo "2281"]

1.d4 Nf6 2.c4 c5 3.d5 b5 4.cxb5 a6 5.bxa6 g6 6.Nc3 Bxa6 7.g3 d6 8.Bg2 Bg7
9.Nf3 Nbd7 10.Rb1 O-O 11.b3 Qa5 12.Bd2 Rfb8 13.O-O Ne8 14.Qc2 Nc7 15.a4 Rb7
16.Rfd1 Rab8 17.Be1 c4 18.b4 Rxb4 19.Nb5 Nxd5 20.Bxb4 Nxb4 21.Qxc4 Qxa4 22.Ng5
Qxb5 23.Qxf7+ Kh8 24.Qxe7 Ne5 25.Ne6 Qd7 26.Qxd7 Nxd7 27.Rxd6 Nc6 28.Rc1 {#r}
1-0

[Event "It (open)"]
[Site "masterchessopen.com - Lugano (Switzerland)"]
[Date "2005.11.19"]
[Round "3"]
[White "Lazarev Vladimir (FRA)"]
[Black "Weindl Alfred (GER)"]
[Result "1-0"]
[WhiteElo "2513"]
[BlackElo "2352"]

1.d4 Nf6 2.c4 c5 3.d5 b5 4.cxb5 a6 5.bxa6 g6 6.Nc3 Bxa6 7.g3 Bg7 8.Bg2 d6
9.Nf3 O-O 10.O-O Ra7 11.Rb1 e6 12.dxe6 fxe6 13.b3 d5 14.Ng5 Qe7 15.Bh3 d4
16.Na4 e5 17.Ba3 Nbd7 18.Ne6 Rc8 19.Rc1 Bb5 20.Nexc5 Rca8 21.Nxd7 Qxa3 22.Nxe5
Qxa2 23.Qxd4 Re8 24.Nc3 {#r} 1-0

[Event "Ch Europe (active)"]
[Site "masterchessopen.com - Warsaw (Poland)"]
[Date "2005.12.17"]
[Round "5"]
[White "Stefansson Hannes (ISL)"]
[Black "Kadziolka Beata (POL)"]
[Result "1-0"]
[WhiteElo "2585"]
[BlackElo "2352"]

1.d4 Nf6 2.c4 c5 3.d5 b5 4.cxb5 a6 5.bxa6 g6 6.Nc3 Bxa6 7.Nf3 d6 8.g3 Bg7
9.Bg2 Nbd7 10.Rb1 Nb6 11.b3 Ra7 12.Bb2 O-O 13.O-O Qa8 14.Nh4 Rb8 15.Re1 Nbd7
16.Nf3 Rc7 17.h3 c4 18.Nd4 cxb3 19.axb3 Nc5 20.Ra1 Qb7 21.Nc6 Re8 22.b4 Ncd7
23.Qb3 Qb6 24.Ra5 Ne5 25.Na4 Bc4 26.Qc2 {#r} 1-0

[Event "It (open)"]
[Site "masterchessopen.com - Bosnjaci (Croatia)"]
[Date "2006.01.05"]
[Round "4"]
[White "Martinovic Sasa (CRO)"]
[Black "Sertic Rudolf (CRO)"]
[Result "1-0"]
[WhiteElo "2390"]
[BlackElo "2321"]

1.d4 Nf6 2.c4 c5 3.d5 b5 4.cxb5 a6 5.bxa6 g6 6.Nc3 Bxa6 7.Nf3 d6 8.g3 Bg7
9.Bg2 O-O 10.O-O Nbd7 11.Rb1 Ra7 12.Re1 Qa5 13.Bd2 Rb8 14.a4 Rab7 15.b3 Ng4
16.Qc2 Nge5 17.Nxe5 Nxe5 18.h3 Qb6 19.Kh2 c4 20.b4 Nd3 21.exd3 cxd3 22.Qa2 Rc7
23.b5 Bb7 24.Qb3 f5 25.Nd1 {#r} 1-0

[Event "Ch Argentina (1/2 final)"]
[Site "masterchessopen.com - Buenos Aires (Argentina)"]
[Date "2006.03.22"]
[Round "2"]
[White "Nedilsky Diego (ARG)"]
[Black "Mayorga Nicolas (ARG)"]
[Result "1-0"]
[WhiteElo "2332"]
[BlackElo "2259"]

1.d4 Nf6 2.c4 c5 3.d5 b5 4.cxb5 a6 5.bxa6 g6 6.Nc3 Bxa6 7.g3 d6 8.Bg2 Bg7
9.Nf3 Nbd7 10.Rb1 O-O 11.O-O Nb6 12.b3 Bb7 13.Nh4 Ne8 14.Qc2 Nc7 15.e4 Ra7
16.Rd1 Qd7 17.a4 f5 18.exf5 gxf5 19.Bh3 Ncxd5 20.Nxd5 Nxd5 21.Bxf5 Rxf5
22.Nxf5 Nc3 23.Nh6+ Kh8 24.Nf7+ Kg8 25.Ng5 Nxd1 26.Qxh7+ Kf8 27.Qg6 e6 28.Nh7+
{#r} 1-0

[Event "Ch Croatia (juniors) (team)"]
[Site "masterchessopen.com - Sveti Filip i Jakov (Croatia)"]
[Date "2006.04.22"]
[Round "8"]
[White "Okrosa Marijan (CRO)"]
[Black "Horvat David (CRO)"]
[Result "1-0"]
[WhiteElo "2005"]
[BlackElo "1916"]

1.d4 Nf6 2.c4 c5 3.d5 b5 4.cxb5 a6 5.bxa6 Bxa6 6.Nc3 d6 7.g3 g6 8.Bg2 Bg7
9.Nf3 O-O 10.O-O Nbd7 11.Re1 Nb6 12.e4 Nfd7 13.Qc2 Qc7 14.b3 c4 15.b4 Na4
16.Bd2 Nxc3 17.Bxc3 Bxc3 18.Qxc3 Bb5 19.Nd4 Ba4 20.f4 Nb6 21.Bh3 Ra6 22.Re2
Rfa8 23.Ne6 {#r} 1-0

[Event "It (open)"]
[Site "masterchessopen.com - Triesen (Liechtenstein)"]
[Date "2006.05.21"]
[Round "3"]
[White "Levin Felix (GER)"]
[Black "Brestian Egon (AUT)"]
[Result "1-0"]
[WhiteElo "2513"]
[BlackElo "2401"]

1.d4 Nf6 2.c4 c5 3.d5 b5 4.cxb5 a6 5.bxa6 Bxa6 6.Nc3 d6 7.g3 g6 8.Bg2 Bg7
9.Nf3 O-O 10.O-O Nbd7 11.Rb1 Ne8 12.Qc2 Nc7 13.Rd1 Nb5 14.Nxb5 Bxb5 15.b3 Nb6
16.e4 Qd7 17.Re1 Qb7 18.a4 Bd7 19.Bd2 Rfb8 20.a5 Nc8 21.b4 cxb4 22.Rxb4 Bb5
23.Reb1 Rxa5 24.R4b3 Ra1 25.Rxa1 Bxa1 26.Bf1 Na7 27.Be3 {#r} 1-0

[Event "Memorial R.Nezhmetdinov"]
[Site "masterchessopen.com - Kazan (Russia)"]
[Date "2006.06.01"]
[Round "1"]
[White "Ayupov Damir (RUS)"]
[Black "Glidzhain Gor (RUS)"]
[Result "1-0"]
[WhiteElo "2403"]
[BlackElo "2193"]

1.d4 Nf6 2.c4 c5 3.d5 b5 4.cxb5 a6 5.bxa6 Bxa6 6.Nc3 g6 7.g3 d6 8.Bg2 Bg7
9.Nf3 O-O 10.O-O Nbd7 11.Rb1 Qa5 12.Bd2 Rfb8 13.Qc2 Ng4 14.a4 Nge5 15.Nxe5
Nxe5 16.b3 c4 17.b4 Rxb4 18.Na2 Qxa4 19.Nxb4 {#r} 1-0

[Event "It (open)"]
[Site "masterchessopen.com - Utrecht (Netherlands)"]
[Date "2006.06.16"]
[Round "1"]
[White "Oosterom Erik (NED)"]
[Black "Van Der Vecht Ernst"]
[Result "1-0"]
[WhiteElo "2124"]
[BlackElo "1879"]

1.d4 Nf6 2.c4 c5 3.d5 b5 4.cxb5 a6 5.bxa6 g6 6.Nc3 Bxa6 7.Nf3 d6 8.g3 Bg7
9.Bg2 Nfd7 10.Bf4 Qa5 11.Qc1 Nb6 12.Bh6 Bf6 13.Nd2 N8d7 14.O-O Nc4 15.Nxc4
Bxc4 16.Ne4 Bxd5 17.Nxd6+ exd6 18.Bxd5 Rb8 19.Qf4 Rxb2 20.Qxd6 Be7 21.Qf4 f6
22.Bg7 Rb4 23.Qd2 c4 24.Bc6 {#r} 1-0

[Event "It (open) \"]
[Site "masterchessopen.com - Minsk (Belarus)"]
[Date "2006.07.15"]
[Round "6"]
[White "Maiorov Nikita (BLR)"]
[Black "Serov Maksim (RUS)"]
[Result "1-0"]
[WhiteElo "2481"]
[BlackElo "2268"]

1.d4 Nf6 2.c4 c5 3.d5 b5 4.cxb5 a6 5.bxa6 g6 6.Nc3 Bxa6 7.g3 Bg7 8.Bg2 d6
9.Nf3 Nbd7 10.Rb1 O-O 11.O-O Ra7 12.b3 Qa8 13.Qd2 Bb7 14.Rd1 Nb6 15.Ne1 Rc8
16.Nc2 c4 17.Nb4 cxb3 18.Rxb3 Nc4 19.Qd3 Nd7 20.Nc6 Nde5 21.Nxe5 Bxe5 22.Bh3
Rc5 23.Rb5 Ra5 24.Rb4 Ba6 25.Qb1 Rc8 26.Bxc8 {#r} 1-0

[Event "Memorial N.Aratovsky (open)"]
[Site "masterchessopen.com - Saratov (Russia)"]
[Date "2006.11.30"]
[Round "4"]
[White "Fedorchuk Denis (RUS)"]
[Black "Dzivodov Gennadij (RUS)"]
[Result "1-0"]
[WhiteElo "2143"]
[BlackElo "2275"]

1.d4 Nf6 2.c4 c5 3.d5 b5 4.cxb5 a6 5.bxa6 Bxa6 6.Nc3 d6 7.g3 g6 8.Bg2 Bg7
9.Nf3 O-O 10.O-O Nbd7 11.Rb1 Qb6 12.Qc2 Bc4 13.Nd2 Bxa2 14.Ra1 Bxd5 15.Nxd5
Rxa1 16.Nxb6 Nxb6 17.Nc4 Nxc4 18.Qxc4 Rb8 19.Qc2 Ne8 20.b3 Nc7 21.Bg5 Rxf1+
22.Bxf1 Kf8 23.Bd2 Ne6 24.e3 Nd8 25.Bc3 Bxc3 26.Qxc3 {#r} 1-0

[Event "Ch City"]
[Site "masterchessopen.com - Tula (Russia)"]
[Date "2007.02.07"]
[Round "2"]
[White "Chubakov Oleg (RUS)"]
[Black "Baibakov Kirill (RUS)"]
[Result "1-0"]
[WhiteElo "2170"]
[BlackElo "1980"]

1.d4 Nf6 2.c4 c5 3.d5 b5 4.cxb5 a6 5.bxa6 Bxa6 6.Nc3 d6 7.g3 g6 8.Bg2 Bg7
9.Nf3 Nbd7 10.Rb1 O-O 11.O-O Ng4 12.Qc2 Nge5 13.Rd1 Qb6 14.b3 Nxf3+ 15.Bxf3
Ne5 16.Bg2 Bc8 17.h3 Ba6 18.Bd2 Rfb8 19.Kh2 Nd7 20.Be1 Qc7 21.f4 Rf8 22.a4
Rab8 23.Ne4 Nf6 24.Nc3 Nd7 25.Bf3 Rb7 26.Ne4 {#r} 1-0

[Event "Memorial J B Curcio"]
[Site "masterchessopen.com - Nitero (Brazil)"]
[Date "2007.03.01"]
[Round "2"]
[White "Okamura Milton Kasuo (BRA)"]
[Black "Waghabi Eduardo Ramos (BRA)"]
[Result "1-0"]
[WhiteElo "2198"]
[BlackElo "1830"]

1.d4 Nf6 2.c4 c5 3.d5 b5 4.cxb5 a6 5.bxa6 Bxa6 6.Nc3 g6 7.Nf3 Bg7 8.g3 d6
9.Bg2 O-O 10.Rb1 Qb6 11.O-O Nbd7 12.Qc2 Qb7 13.Rd1 Bc4 14.b3 Bxd5 15.Nxd5 Nxd5
16.Ng5 Nb4 17.Qd2 Qc7 18.Bxa8 Rxa8 19.a3 Nc6 20.Bb2 Nd4 21.Qd3 Ne5 22.Qe4 Qc6
23.Bxd4 Qxe4 24.Nxe4 Nf3+ 25.exf3 Bxd4 {#r} 1-0

[Event "Ch PriFO (seniors)"]
[Site "masterchessopen.com - Perm (Russia)"]
[Date "2007.03.01"]
[Round "1"]
[White "Drozdov Alexander S (RUS)"]
[Black "Fedorovtsev Gennady (RUS)"]
[Result "0-1"]
[WhiteElo "2064"]
[BlackElo "2171"]

1.d4 Nf6 2.c4 c5 3.d5 b5 4.cxb5 a6 5.bxa6 Bxa6 6.Nc3 g6 7.g3 Bg7 8.Bg2 d6
9.Nf3 O-O 10.O-O Nbd7 11.Re1 Ng4 12.h3 Nge5 13.Nxe5 Nxe5 14.Qc2 Qa5 15.b3 Nc4
16.bxc4 Bxc3 17.Bh6 Bxe1 18.Bxf8 Rxf8 {#R} 0-1

[Event "Tournament (Elo) (a)"]
[Site "masterchessopen.com - Perm (Russia)"]
[Date "2007.04.25"]
[Round "1"]
[White "Nechaev Nikolay A (RUS)"]
[Black "Terekhin Anatoly (RUS)"]
[Result "0-1"]
[WhiteElo "2169"]
[BlackElo "2327"]

1.d4 Nf6 2.c4 c5 3.d5 b5 4.cxb5 a6 5.bxa6 g6 6.Nc3 Bxa6 7.g3 Bg7 8.Bg2 d6
9.Nf3 Nbd7 10.O-O Nb6 11.Re1 O-O 12.e4 Nfd7 13.Qc2 Nc4 14.Be3 Qa5 15.Rec1 Rfb8
16.Nd2 Nxb2 17.Nb3 Qa3 18.Rcb1 Bd3 19.Qxb2 Qxb2 20.Rxb2 Bxc3 {#R} 0-1

[Event "It (open) (juniors) (under 20) (g)"]
[Site "masterchessopen.com - Busevec (Croatia)"]
[Date "2007.04.30"]
[Round "6"]
[White "Kruljac Petra (CRO)"]
[Black "Deur Zrinka (CRO)"]
[Result "1-0"]
[WhiteElo "2057"]
[BlackElo "1943"]

1.d4 Nf6 2.c4 c5 3.d5 b5 4.cxb5 a6 5.bxa6 g6 6.Nc3 Bxa6 7.g3 d6 8.Bg2 Bg7
9.Nf3 Nbd7 10.O-O O-O 11.Rb1 Qa5 12.Bd2 Qb6 13.Re1 Rfb8 14.b3 Qa7 15.Qc2 Ng4
16.h3 Nge5 17.Nxe5 Bxe5 18.a4 Rc8 19.e3 Bg7 20.f4 Nb6 21.Kh2 Rab8 22.e4 Qd7
23.h4 Qg4 24.e5 Qh5 25.Qe4 dxe5 26.fxe5 {#r} 1-0

[Event "Tournament (swiss)"]
[Site "masterchessopen.com - Barrancabermeja (Colombia)"]
[Date "2007.06.01"]
[Round "1"]
[White "Granada Angie (COL)"]
[Black "Gallego Andres (COL)"]
[Result "0-1"]
[WhiteElo "1941"]
[BlackElo "2271"]

1.d4 Nf6 2.c4 c5 3.d5 b5 4.cxb5 a6 5.bxa6 g6 6.Nf3 Bg7 7.Nc3 Bxa6 8.g3 d6
9.Bg2 O-O 10.O-O Nbd7 11.Re1 Nb6 12.Bf4 Ra7 13.e4 Nfd7 14.Qc2 Nc4 15.Rac1 Qa5
16.b3 Nce5 17.Nxe5 Nxe5 18.Be3 Nd3 19.Red1 Nxc1 20.Rxc1 Rb8 21.Qd2 Bc8 22.Bf1
Bxc3 23.Rxc3 Qxa2 24.Qxa2 Rxa2 25.Kg2 Ba6 26.Bxa6 Rxa6 27.Bf4 f6 28.Be3 Rab6
{#R} 0-1

[Event "It (open)"]
[Site "masterchessopen.com - Las Vegas (USA)"]
[Date "2007.06.08"]
[Round "2"]
[White "Gurevich Dmitry (USA)"]
[Black "Adamson Robby (USA)"]
[Result "1-0"]
[WhiteElo "2509"]
[BlackElo "2309"]

1.d4 Nf6 2.c4 c5 3.d5 b5 4.cxb5 a6 5.bxa6 g6 6.Nc3 Bxa6 7.g3 d6 8.Bg2 Bg7
9.Nf3 Nbd7 10.Rb1 Nb6 11.b3 Bc8 12.Nd2 Bf5 13.e4 Bc8 14.a4 O-O 15.Nb5 e6
16.dxe6 Bxe6 17.O-O d5 18.Ba3 Rc8 19.Rc1 Nbd7 20.exd5 Bxd5 21.Bxd5 Nxd5 22.Ne4
{#r} 1-0

[Event "It (open) \"]
[Site "masterchessopen.com - St. Petersburg (Russia)"]
[Date "2007.06.27"]
[Round "3"]
[White "Nikolaev Yury (RUS)"]
[Black "Anosov Sergey (RUS)"]
[Result "0-1"]
[WhiteElo "2096"]
[BlackElo "2022"]

1.d4 Nf6 2.c4 c5 3.d5 b5 4.cxb5 a6 5.bxa6 Bxa6 6.Nc3 d6 7.g3 g6 8.Bg2 Bg7
9.Nf3 O-O 10.O-O Nbd7 11.Qc2 Ng4 12.Rb1 Qa5 13.Bd2 Rfb8 14.b3 Nde5 15.Ng5 Nf6
16.f4 Ned7 17.Bh3 Ra7 18.Na4 Qb5 19.Rfe1 Nxd5 20.a3 e6 21.Nxe6 Bh8 22.Ng5 N7f6
23.e4 Qd3 24.Qxd3 Bxd3 25.exd5 Bxb1 26.Rxb1 Rxa4 {#R} 0-1

[Event "It (open)"]
[Site "masterchessopen.com - Gorges (France)"]
[Round "2"]
[White "Daniel Jean-Claude (FRA)"]
[Black "Dias Theodore (FRA)"]
[Result "1-0"]
[WhiteElo "1903"]
[BlackElo "1777"]

1.d4 Nf6 2.Nf3 c5 3.d5 d6 4.c4 b5 5.cxb5 a6 6.bxa6 Bxa6 7.Nc3 g6 8.g3 Bg7
9.Bg2 O-O 10.O-O Nbd7 11.Re1 Qb6 12.Rb1 Bc4 13.b3 Ba6 14.Bb2 c4 15.Na4 Qa5
16.Nd4 Rfc8 17.Nc6 Rxc6 18.dxc6 Nc5 19.Nxc5 Qxc5 20.b4 Qb6 21.Bd4 Qc7 22.b5
{#r} 1-0

[Event "It \"]
[Site "masterchessopen.com - Ilyichevsk (Ukraine)"]
[Date "2007.07.23"]
[Round "4"]
[White "Stetsyk Vladyslav (UKR)"]
[Black "Shevchuk Andrey (BLR)"]
[Result "1-0"]
[WhiteElo "1796"]
[BlackElo "2087"]

1.d4 Nf6 2.c4 c5 3.d5 b5 4.cxb5 a6 5.bxa6 Bxa6 6.Nc3 g6 7.g3 d6 8.Bg2 Bg7
9.Nf3 O-O 10.O-O Nbd7 11.Re1 Qa5 12.Bd2 Rfb8 13.Qc2 Qc7 14.e4 Ng4 15.h3 Nge5
16.a3 Nxf3+ 17.Bxf3 Ne5 18.Bg2 Nd3 19.Reb1 Qb7 20.b3 Qc7 21.Bf1 Nb4 22.axb4
Bxf1 23.bxc5 Rxa1 24.Rxa1 Bxh3 25.c6 Be5 26.Be3 {#r} 1-0

[Event "Ch Bulgaria (open) (w)"]
[Site "masterchessopen.com - Vratsa (Bulgaria)"]
[Date "2007.07.25"]
[Round "1"]
[White "Dragomirescu Angela (ROM)"]
[Black "Barbageorgopoulou Fani (GRE)"]
[Result "1-0"]
[WhiteElo "2216"]
[BlackElo "1803"]

1.d4 Nf6 2.c4 c5 3.d5 b5 4.cxb5 a6 5.bxa6 Bxa6 6.Nc3 d6 7.Nf3 g6 8.g3 Bg7
9.Bg2 O-O 10.O-O Nbd7 11.Rb1 Qa5 12.Qc2 Rfb8 13.Rd1 Ng4 14.Bd2 Bxc3 15.Bxc3
Qxa2 16.e4 Bc4 17.Nd2 Be2 18.Re1 Qa6 19.Bf1 Bxf1 20.Rxf1 Nge5 21.f4 Qd3 22.Qd1
Qe3+ 23.Kg2 Nc4 24.Rf3 Ndb6 25.Qh1 {#r} 1-0

[Event "Ch Vietnam (team)"]
[Site "masterchessopen.com - Dalat City (Vietnam)"]
[Date "2007.08.25"]
[Round "5"]
[White "Nguyen Huu Hoang Anh (VIE)"]
[Black "To Quoc Khanh (VIE)"]
[Result "0-1"]
[WhiteElo "2053"]
[BlackElo "2271"]

1.d4 c5 2.d5 Nf6 3.c4 b5 4.cxb5 a6 5.bxa6 g6 6.Nc3 Bxa6 7.g3 d6 8.Bg2 Bg7
9.Nf3 O-O 10.O-O Nbd7 11.Re1 Ng4 12.e4 Qb6 13.Qc2 Nge5 14.Bg5 h6 15.Nxe5 Nxe5
16.Be3 Nd3 17.Reb1 Rfb8 18.Bf1 Ne5 19.Bxa6 Qxa6 20.Kg2 Nc4 21.Bc1 Rb7 22.a4
Rb4 23.f3 Rab8 24.Nb5 Bxb2 25.Ra2 R8xb5 26.Raxb2 Rxb2 27.Rxb2 Rxb2 {#R} 0-1

[Event "Ch Tatarstan (open)"]
[Site "masterchessopen.com - Kazan (Russia)"]
[Date "2007.08.25"]
[Round "6"]
[White "Sadykova Alsu (RUS)"]
[Black "Fedotov Ivan (RUS)"]
[Result "0-1"]
[WhiteElo "2143"]
[BlackElo "1948"]

1.d4 Nf6 2.c4 c5 3.d5 b5 4.cxb5 a6 5.bxa6 g6 6.Nc3 Bxa6 7.g3 Bg7 8.Bg2 d6
9.Nf3 Nbd7 10.O-O Nb6 11.Nd2 O-O 12.Rb1 Ra7 13.b4 Nfd7 14.bxc5 Nxc5 15.Nde4
Nxe4 16.Nxe4 Bc4 17.Be3 Ra6 18.Bxb6 Rxb6 19.Nd2 Bxa2 20.Rxb6 Qxb6 21.Qa4 Qb2
22.Rd1 Bb3 23.Qf4 Qc2 {#R} 0-1